000 00358nam a22001577a 4500
003 macl
005 20170113131837.0
008 170113b xxu||||| |||| 00| 0 eng d
040 _cmacl
082 _a540
100 _aNCERT
_94590
245 _aChmistry part ll
_bClass xl
260 _aDelhi
_bNCERT
_c2015
650 _aChemistry
_966539
942 _2ddc
_cBK
999 _c55902
_d55902